000 00441nam a2200181Ia 4500
008 090123s9999 xx 000 0 und d
082 _b42777
100 _aदिवाण वृंदा
245 _aदालन
250 _a1
260 _c2008
300 _a180
600 _aदिवाण वृंदा
630 _aदालन
700 _aदिवाण वृंदा
730 _aदालन
942 _cBOOK
999 _c80826
_d80826